000
00317pab a2200133 454500
008
180718b1987 xxu||||| |||| 00| 0 eng d
245
_a
Symposium on tax reform
260
_c
1987
300
_a
7-120
362
_a
Summer
650
_a
Taxation - U.S.A.
773
_a
Journal of Economic Perspective
909
_a
19062
999
_c
19062
_d
19062